00231nam a22000737a 4500003000400000245003800004260003900042300007600081SGT aIndian Journal of Dental Research bSage Publisherc2008-2014,20172020 a990,480,990,860,400,350,710,496,850,850,650,650,820,890,625,625,520,370